000 00527nam a2200181Ia 4500
999 _c23185
_d23185
003 OSt
005 20200320143509.0
008 190216s9999||||xx |||||||||||||| ||und||
020 _a9788172312251
040 _coclc
082 _a297.63
_bKHA/M
100 _aKhan, Majid Ali
_92133
245 0 _aMuhammad The Final Messenger /
_cMajid Ali Khan
260 _bIslamic Book Service,
_c2008.
_aNew Delhi:
300 _a433p
650 _aIslamic History
942 _cBK
_2ddc
_h297.63
_iKHA/M
_k297.63
_mKHA/M